| 000 | 00491pab a2200169 454500 | ||
|---|---|---|---|
| 008 | 180718b2015 xxu||||| |||| 00| 0 eng d | ||
| 100 | _aSingh, Ram Ranbir | ||
| 245 | _aPeople's attitude towards bureaucracy: a case study of Bhojpur district, Bihar | ||
| 260 | _c2015 | ||
| 300 | _ap.14-25. | ||
| 362 | _aJan-Jun & Jul-Dec | ||
| 650 | _aBureaucracy - India - Bihar | ||
| 650 | _aCase studies - Bureaucracy | ||
| 650 | _aBureaucracy | ||
| 773 | _aReview of Politics | ||
| 909 | _a115858 | ||
| 999 |
_c115852 _d115852 |
||